Historia de las aguadas y del molino /

Guardado en:
Autor Principal: Sbarra, Noel H.
Formato: Libro
Idioma:Spanish
Publicado: Buenos Aires : EUDEBA, 1973.
Edición:2a ed.
Etiquetas: Agregar Etiqueta
Sin Etiquetas, Sea el primero en etiquetar este registro!
LEADER 00476nam a22001575a 4500
001 EEA.libagro005688
005 20161012121435.0
008 130809s1973####ag#a##########000#0#spa#d
082 0 4 |a 628.1140982 
082 0 4 |a 636.01 
100 1 |a Sbarra, Noel H. 
245 1 0 |a Historia de las aguadas y del molino /  |c Noel H. Sbarra. 
250 |a 2a ed. 
260 |a Buenos Aires :  |b EUDEBA,  |c 1973. 
300 |a 190 p. :  |b il. ;  |c 23 cm. 
859 |a AR-BbBCA  |b BIB. AGRONOMIA  |h 628.1140982  |i S276a2  |p 1997/3032